Open Data Biblioteca Nacional de Portugal


República Portuguesa: Ministério da Cultura
Biblioteca Nacional de Portugal

Catálogo da BNP: acesso por Identificadores Unívocos
Registos Bibliográficos associados ao registo de autoridade

Etiqueta de registo: 00000nam 2200025 450
001 1965245
003 http://id.bnportugal.gov.pt/bib/catbnp/1965245
100 ## $a20170612d2017 k y0pory01030103ba
101 0# $aeng$dpor fre
102 ## $aPT
105 ## $aa m 000yy
106 ## $ar
200 1# $aEssays on job and wage mobility$fHugo Miguel Fragoso de Castro Silva$gorient. Francisco Miguel Garcia Gonçalves de Lima
210 #9 $aLisboa$c[s.n.],$d2017
215 ## $aXIV, 114 p.$cil.$d30 cm
328 #1 $aTese dout. Engineering and Management, Instituto Superior Técnico, Universidade de Lisboa, 2017
675 ## $a007(043)$vBN$zpor$3480725
675 ## $a005.33(043)$vBN$zpor$31961507
675 ## $a331.1(043)$vBN$zpor$31243198
700 #1 $aSilva,$bHugo Miguel Fragoso de Castro$31683518
702 #1 $aLima,$bFrancisco Miguel Garcia Gonçalves de$4727$31010532
801 #0 $aPT$bBN$gRPC
966 ## $lBN$mFGMON$sP. 47898 V.$x3

Etiqueta de registo: 00000nam 2200025 450
001 2239563
003 http://id.bnportugal.gov.pt/bib/catbnp/2239563
100 ## $a20251216d2025 k y0pory01030103ba
101 0# $aeng$dpor
102 ## $aPT
105 ## $aa m 000yy
106 ## $ar
200 1# $aThree essays exploring the role of culture in technology diffusion$e an investigation of mobile communication technology$fAmitava Datta$gsupervisor Joana Serra da Luz Mendonça, Hugo Miguel Fragoso de Castro Silva, Ashutosh Jha
210 #9 $aLisboa$c[s.n.],$d2025
215 ## $aXIII, 133 p.$cil.$d30 cm
328 #1 $aTese dout. Engineering and Public Policy, Instituto Superior Técnico, Universidade de Lisboa, 2025
675 ## $a621.39(043)$vBN$zpor$3297878
675 ## $a004.77(043)$vBN$zpor$31229690
700 #1 $aDatta,$bAmitava$31974240
702 #1 $aMendonça,$bJoana Serra da Luz$4727$31226524
702 #1 $aSilva,$bHugo Miguel Fragoso de Castro$4727$31683518
702 #1 $aJha,$bAshutosh$4727$31974242
801 #0 $aPT$bBN$gRPC
966 ## $lBN$mFGMON$sS.A. 192772 V.$x1
971 ## $corlando$d20251216
972 ## $e0$z0$d20260128$vlrevez

Etiqueta de registo: 00000nam 2200025 450
001 2270053
003 http://id.bnportugal.gov.pt/bib/catbnp/2270053
100 ## $a20260223d2025 k y0pory01030103ba
101 0# $aeng$dpor
102 ## $aPT
105 ## $aa m 000yy
106 ## $ar
200 1# $aEssays on wokforce demographics, entrepreneurial transitions and startup performance$fRui André Pereira Agostinho$gorient. Rui Miguel Loureiro Nobre Baptista, Hugo Miguel Fragoso de Castro Silva, Stieneke Jolanda Annemarie Hessels
210 #9 $aLisboa$c[s.n.],$d2025
215 ## $aXVI, 138 p.$cil.$d30 cm
328 #1 $aTese dout. Engineering and Public Policy, Instituto Superior Técnico, Universidade de Lisboa, 2025
675 ## $a005.33(043)$vBN$zpor$31961504
700 #1 $aAgostinho,$bRui André Pereira$31986651
702 #1 $aBaptista,$bRui Miguel Loureiro Nobre$4727$3884830
702 #1 $aSilva,$bHugo Miguel Fragoso de Castro$4727$31683518
702 #1 $aHessels,$bStieneke Jolanda Annemarie$4727$31986655
801 #0 $aPT$bBN$gRPC
966 ## $lBN$mFGMON$sP. 72174 V.$x1
971 ## $corlando$d20260223
972 ## $e0$z0$d20260302$vasantos
973 ## $cigoulao$d20260224

Etiqueta de registo: 00000nam 2200025 450
001 2280394
003 http://id.bnportugal.gov.pt/bib/catbnp/2280394
100 ## $a20260316d2025 k y0pory01030103ba
101 0# $aeng$dpor
102 ## $aPT
105 ## $aa m 000yy
106 ## $ar
200 1# $aTechnological change, new automation technologies and skills - employment and unwmployment$fNádia Cristina Monteiro da Costa$gorient. Hugo Miguel Fragoso de Castro Silva, Miguel Simões Torres Preto
210 #9 $aLisboa$c[s.n.],$d2025
215 ## $a138 p.$cil.$d30 cm
328 #1 $aTese dout. Engineering and Management, Instituto Superior Técnico, Universidade de Lisboa, 2025
675 ## $a316.42(043)$vBN$zpor$3623959
675 ## $a349.2(043)$vBN$zpor$31244519
700 #1 $aCosta,$bNádia Cristina Monteiro da$31991463
702 #1 $aSilva,$bHugo Miguel Fragoso de Castro$4727$31683518
702 #1 $aPreto,$bMiguel Simões Torres$4727$31226549
801 #0 $aPT$bBN$gRPC
966 ## $lBN$mFGMON$sS.C. 168924 V.$x1
971 ## $corlando$d20260316
973 ## $cigoulao$d20260415

OpendataBNP@bnportugal.pt | Mais informação sobre acesso aos dados BNP